Peru turistický průvodce

Bibliographic Details
Main Author: Jenkins, Dilwyn (Author)
Other Authors: Brunner, Miloš (Photographer), Beneš, Radek (Translator)
Format: Book
Language:Czech
English
PhysicalDescription:587 s., [16] s. fareb. obr. príl. fotogr., ilustr., mp. 20 cm 1 DVD
Published: Brno Jota 2007
ISBN:9788072174706
Edition:2. vyd., dot.
Series:Livingstone - průvodci
Subjects:

MARC

LEADER 00000nam a2200000 a 4500
001 vtls010289452
003 SK-MaSNL
005 20260301131956.0
008 251124s2007 xr boa g f 001 0 cze
020 |a 9788072174706  |q (brož.) 
040 |a SNK  |b slo  |c SNK  |e AACR2 
041 1 |a cze  |h eng 
043 |a s-pe--- 
044 |a xr  |c CZ 
072 7 |a 913(8)  |x Geografia Južnej Ameriky, reálie, cestovanie  |2 konspekt 
080 |a 913(85)  |2 2001 
080 |a (036)913  |2 2001 
100 1 |a Jenkins, Dilwyn  |4 aut  |9 482034 
240 0 4 |a The rough guide to Peru  |l Česky 
245 1 0 |a Peru  |b turistický průvodce  |c Dilwyn Jenkins ; s fotografiemi Miloše Brunnera ; [z angl. orig. přel. a aktualizoval: Radek Beneš] 
246 3 |a Turistický průvodce - Peru 
250 |a 2. vyd., dot. 
260 |a Brno  |b Jota  |c 2007 
300 |a 587 s., [16] s. fareb. obr. príl.  |b fotogr., ilustr., mp.  |c 20 cm  |e 1 DVD 
490 1 |a Livingstone - průvodci  |v sv. 79 
500 |a Obsahuje reg. 
651 7 |a Peru  |2 SNKPH  |9 17417 
655 7 |a turistickí sprievodcovia (publikácie)  |2 SNKPH  |9 191298 
655 7 |a Tourist guidebooks  |2 SNKPHeng  |9 291226 
700 1 |a Brunner, Miloš  |4 pht  |9 482035 
700 1 |a Beneš, Radek  |4 trl  |9 328139 
830 0 |a Livingstone - průvodci  |9 310508 
919 |a 978-80-7217-470-6 
999 |c 749697  |d 751627 
952 |t snkPER 908.11.9/pril.  |a SNKMST  |b SNKMST  |y PREZ  |7 0  |p 17A0710280  |o snkID 98585/príl.  |i snk2011/15994  |8 4  |g 27.50  |3 Príloha: 1 DVD  |z Príloha  |0 0  |1 0  |4 0  |d 2011-06-29  |l 0  |r 2025-08-13 00:00:00  |w 2026-02-23 
952 |t snkPER 908.11.9  |a SNKUST  |b SNKUST  |y PREZ  |7 0  |p 17A0710073  |o snkID 98585  |i snk2011/15994  |8 4  |g 27.50  |3 Príloha: 1 DVD  |0 0  |1 0  |4 0  |d 2011-06-29  |l 0  |r 2025-05-28 00:00:00  |w 2026-02-23